Ngữ pháp tiếng Việt : Dùng cho sinh viên, nghiên cứu sinh và bồi dưỡng giáo viên ngữ văn (Tiếng - Từ ghép - Đoản ngữ)

Sách có nội dung phong phú về học thuật, có lý luận ngôn ngữ học hiện đại, cơ bản về lý luận tiếng Việt. Hệ thống các vấn đề ngữ pháp tiếng Việt như: tiếng, từ ghép, đoản ngữ.

Salvato in:
Dettagli Bibliografici
Autore principale: Nguyễn, Tài Cẩn
Natura: Libro
Lingua:Undetermined
Pubblicazione: Hà Nội Đại học Quốc gia Hà Nội 1998
Soggetti:
Tags: Aggiungi Tag
Nessun Tag, puoi essere il primo ad aggiungerne! !
Thư viện lưu trữ: Trung tâm Học liệu Trường Đại học Cần Thơ
LEADER 01112nam a2200241Ia 4500
001 CTU_27703
008 210402s9999 xx 000 0 und d
020 |b 28.000đ 
020 |c 28000 
082 |a 495.9225 
082 |b C121/1998 
100 |a Nguyễn, Tài Cẩn 
245 0 |a Ngữ pháp tiếng Việt : 
245 0 |b Dùng cho sinh viên, nghiên cứu sinh và bồi dưỡng giáo viên ngữ văn (Tiếng - Từ ghép - Đoản ngữ) 
245 0 |c Nguyễn Tài Cẩn 
260 |a Hà Nội 
260 |b Đại học Quốc gia Hà Nội 
260 |c 1998 
520 |a Sách có nội dung phong phú về học thuật, có lý luận ngôn ngữ học hiện đại, cơ bản về lý luận tiếng Việt. Hệ thống các vấn đề ngữ pháp tiếng Việt như: tiếng, từ ghép, đoản ngữ. 
650 |a Vietnamese language,Vietnamese language 
650 |x Grammar,Study and teaching 
904 |i Minh 
980 |a Trung tâm Học liệu Trường Đại học Cần Thơ